000 00629nam a2200193Ia 4500
003 GCL
008 140319s9999 xx 000 0 ara d
040 _aGCL /
_cGCL
082 0 4 _a821.092
_bش ى
100 1 _aشكسبير، ويليام
245 1 0 _aيوليوس قيصر للشاعر شكسبير (هدية من الاديب عبدالفتاح الجمل) /
_cشكسبير، ويليام
700 1 _aمحمد حمدى (تعريب)
300 _a154 ص
490 _a
650 0 4 _aالادب الانجليزى
650 0 4 _aالشعر الانجليزى
650 0 4 _aشكسبير، ويليام
942 _2ddc
_cBK
999 _c39449
_d39449